00349nam a2200133Ia 4500008004100000020001500041041001200056082001600068100001900084245005700103260003500160300000800195650001200203221030s9999 xx 000 0 und d a8121919592 aEnglish a105.23bVas aA. S. Vasudeva 0aEssentials of Engineering Physicscby A. S. Vasudeva bS. Chand & CoaNew Delhic2000 a442 aPhysics